Los mexicas /
Guardado en:
| Formato: | Libro |
|---|---|
| Publicado: |
: ,
1967
|
| Series: | Antropología ; No. 4
|
| Materias: | |
| Etiquetas: |
Agregar Etiqueta
Sin Etiquetas, Sea el primero en etiquetar este registro!
|
| LEADER | 00491nam a22001935a 4500 | ||
|---|---|---|---|
| 001 | CEM.cems004595 | ||
| 005 | 20060217000000.0 | ||
| 008 | 130507s1967##################000#0#####d | ||
| 003 | CEMS | ||
| 082 | 0 | 4 | |a 972.014 |
| 245 | 0 | 0 | |a Los mexicas / |
| 260 | |a : , |c 1967 | ||
| 300 | |a 36 p. | ||
| 490 | 0 | |a Antropología ; No. 4 | |
| 653 | |a Historia | ||
| 653 | |a Historia de america | ||
| 653 | |a Historia precolombina | ||
| 653 | |a Mexicas | ||
| 859 | |a CEMS |b BIB. CEMS - 11 de abril |h 972.014 |i M574 |p 8074.80 |t Ej.1 | ||
